| 000 | 00870nam a22003017a 4500 | ||
|---|---|---|---|
| 003 | CHAP | ||
| 005 | 20220817042217.0 | ||
| 008 | 971013s1975 r 00010 d | ||
| 010 | _a37677 | ||
| 011 | _a38649 | ||
| 035 | _a42769 | ||
| 040 | _cCHAP | ||
| 090 | _aFolleto 3849 | ||
| 110 | _aFAO | ||
| 245 | _aInforme de la novena reunión del grupo intergubernamental sobre fibra duras | ||
| 260 |
_aRoma : _bFAO, _c1975 |
||
| 300 | _a23 p. | ||
| 490 | _aCCP 75/16 | ||
| 590 |
_aBATCH-UPD _b10 _c20130110 _lUCH01 _h2324 |
||
| 590 |
_aBATCH-UPD _b10 _c20130410 _lUCH01 _h1614 |
||
| 590 |
_aBATCH-UPD _b10 _c20130914 _lUCH01 _h1406 |
||
| 590 |
_aCONVERSION _b10 _c20130109 _lUCH01 _h1321 |
||
| 650 | 1 | 4 |
_aFibras _xAspectos económicos. _940694 |
| 830 | 0 |
_aCCP 75/16 _920649 |
|
| 901 | _aBK | ||
| 942 | _cFOLL | ||
| 949 |
_aFolleto 3849 _bBC _cFAO _d-98317 _eFAO1 _i42769 _mD _si |
||
| 999 |
_c37677 _d37677 |
||